000 00370nam a2200133Ia 4500
005 20251222144904.0
008 251222s9999||||xx |||||||||||||| ||spa||
020 _a978-612-4030-06-2
082 _a869.009/P89
100 _aPuccinelli, Jorge
245 0 _aTransgresiones y Tradiciones en la Literatura
264 _bUniversidad Católica Sedes Sapientiae
942 _cLIB
999 _c22097
_d22097